Sociedad, cultura y personalidad: su estructura y su dinámica, sistema de sociología general
Saved in:
| Main Author: | |
|---|---|
| Format: | Book |
| Language: | Spanish |
| Published: |
Madrid
Aguilar
1966
|
| Edition: | 3a. ed |
| Series: | Biblioteca Cultura e Historia
|
| Subjects: | |
| Tags: |
Add Tag
No Tags, Be the first to tag this record!
|
MARC
| LEADER | 00000nam a2200000 a 4500 | ||
|---|---|---|---|
| 001 | UCV1845 | ||
| 003 | CL-VaPUC | ||
| 008 | 910423e19660000SP |||||||||||||||||spa|d | ||
| 082 | 0 | 4 | |a 301 |b SOR |2 21 |
| 100 | 0 | |a Sorokin, Pitirim A |e author |9 296039 | |
| 245 | 1 | 0 | |a Sociedad, cultura y personalidad: su estructura y su dinámica, sistema de sociología general |
| 250 | |a 3a. ed | ||
| 300 | |a 1163 p | ||
| 942 | |c BK | ||
| 945 | |d 19910423 00:00:00 | ||
| 260 | |a Madrid |b Aguilar |c 1966 | ||
| 650 | 0 | |a Sociología |9 255410 | |
| 650 | 0 | |a Cambio social |9 256857 | |
| 650 | 7 | |a ESTRUCTURA SOCIAL |2 CL-VaPUC |9 296040 | |
| 583 | |a last modification |c 19910423 00:00:00 |k Rodrigo Vera | ||
| 490 | 0 | |a Biblioteca Cultura e Historia | |
| 999 | |c 209626 |d 209624 | ||
| 952 | |0 0 |1 0 |4 0 |6 301_000000000000000_SOR_1966 |7 0 |8 A |9 185160 |a BIBDER |b BIBDER |d 2019-11-14 |i 2526069 |o 301 SOR 1966 |p 2526069 |r 2023-01-25 |w 2019-11-14 |y BK |k DER | ||
| 952 | |0 0 |1 0 |4 0 |6 301_000000000000000_SOR_1966 |7 0 |8 P |9 185161 |a BIBGIM |b BIBGIM |d 2019-11-14 |i 3371417 |o 301 SOR 1966 |p 3371417 |r 2025-01-15 |w 2019-11-14 |y BK |k GIM | ||